Detalles MARC
| 000 -CABECERA |
| campo de control de longitud fija |
00916nam a2200205 a 4500 |
| 001 - NÚMERO DE CONTROL |
| campo de control |
000041465 |
| 005 - FECHA Y HORA DE LA ÚLTIMA TRANSACCIÓN |
| campo de control |
20201002034919.0 |
| 008 - DATOS DE LONGITUD FIJA--INFORMACIÓN GENERAL |
| campo de control de longitud fija |
131007s1977 sp 001 0 spa d |
| 020 ## - NÚMERO INTERNACIONAL ESTÁNDAR DEL LIBRO |
| Número Internacional Estándar del Libro |
8400036123 |
| 040 ## - FUENTE DE LA CATALOGACIÓN |
| Centro catalogador/agencia de origen |
DO-SdBNP |
| Lengua de catalogación |
spa |
| Centro/agencia transcriptor |
BNPHU |
| 100 1# - ENTRADA PRINCIPAL--NOMBRE DE PERSONA |
| Nombre de persona |
Padilla Altamirano, Silvia |
| 9 (RLIN) |
68144 |
| 245 13 - MENCIÓN DE TÍTULO |
| Título |
La encomienda en popayan : |
| Resto del título |
tres estudios / |
| Mención de responsabilidad, etc. |
Silvia Padilla Altamirano, María Luisa López Arellano, Adolfo Luis González Rodríguez. |
| 260 ## - PUBLICACIÓN, DISTRIBUCIÓN, ETC. |
| Lugar de publicación, distribución, etc. |
Sevilla : |
| Nombre del editor, distribuidor, etc. |
Escuela de Estudios Hispanoamericanos., |
| Fecha de publicación, distribución, etc. |
1977. |
| 300 ## - DESCRIPCIÓN FÍSICA |
| Extensión |
393 p. ; |
| Dimensiones |
25 cm. |
| 490 1# - MENCIÓN DE SERIE |
| Mención de serie |
Publicaciones de la Escuela de Estudios Hispano-Americanos de Sevilla ; |
| Designación de volumen o secuencia |
328 |
| 500 ## - NOTA GENERAL |
| Nota general |
Incluye referencias bibliográficas y notas al pie de las páginas |
| 700 1# - PUNTO DE ACCESO ADICIONAL--NOMBRE DE PERSONA |
| Nombre de persona |
López Arellano, María Luisa |
| 9 (RLIN) |
68145 |
| 700 1# - PUNTO DE ACCESO ADICIONAL--NOMBRE DE PERSONA |
| Nombre de persona |
González Rodríguez, Adolfo Luis |
| 9 (RLIN) |
28352 |
| 830 #0 - PUNTO DE ACCESO ADICIONAL DE SERIE-TÍTULO UNIFORME |
| Título uniforme |
Publicaciones de la Escuela de Estudios Hispano-Americanos de Sevilla |
| Designación de volumen o secuencia |
238 |
| 9 (RLIN) |
30488 |